Дело по высочайшему повелению о доставлении сведений об остатках штатных сумм по Министерству народного просвещения к 1837 году

Доступно только в Электронных читальных залах Найти на картеНа карте
RUSMARC
00003734nmc2a22002413x 450
0010b97e4c5-46d6-40e8-85b1-403d93d0699e
00520260212132813.0
100##$a20250915l18361837k l0rusy0189 ca
1010#$arus
102##$aRU
105##$ay###
1222#$ad
2001#$aДело по высочайшему повелению о доставлении сведений об остатках штатных сумм по Министерству народного просвещения к 1837 году
$j6 ноября 1836 г. - 7 мая 1837 г.
215##$a17 л.
$d36,5х26 см
251##$cДело
300##$aНа бланке обложки указано: "Отделение третье. Стол первый, счетный"
371##$aДокумент не является опубликованным и широко распространяемым
461#0$1001a74412a3-3cc5-4d21-8f0a-dfe2fbd9e72d
$12001
$aДепартамент народного просвещения Министерства народного просвещения (1803-1917)
$1251
$cФонд
$1852
$j733
462#0$10019a193784-ca06-441d-a95d-72f37ed050a7
$12001
$aДела счетного стола Департамента народного просвещения за 1824-1849 годы
$1251
$cОпись
$1852
$j114
801#0$aRU
$bРГИА
$c20250915
$gRCR
801#1$aRU
$bГлавНИВЦ
$c20250915
$2rusmarc
801#2$aRU
$bПБ им. Б.Н. Ельцина
$c20260212
$gRCR
$2rusmarc
850##$aРГИА
852##$aРГИА
$eФедеральное казенное учреждение "Российский государственный исторический архив" (РГИА)
$j107
937##$hРГИА
$d12186121
$aASBIBLIO_SCAN
035##$aRusGRCC00089264
856##$uhttp://readingroom.main.prlib.ru/item.aspx?id_node=n200466507&mode=full
Формат отображения